<?xml version="1.0" encoding="UTF-8"?>
<record
    xmlns:xsi="http://www.w3.org/2001/XMLSchema-instance"
    xsi:schemaLocation="http://www.loc.gov/MARC21/slim http://www.loc.gov/standards/marcxml/schema/MARC21slim.xsd"
    xmlns="http://www.loc.gov/MARC21/slim">

  <leader>00653nam a22001577a 4500</leader>
  <controlfield tag="003">OSt</controlfield>
  <controlfield tag="005">20151231095506.0</controlfield>
  <controlfield tag="008">151231b        xxu||||| |||| 00| 0 eng d</controlfield>
  <datafield tag="040" ind1=" " ind2=" ">
    <subfield code="c">RUA</subfield>
  </datafield>
  <datafield tag="082" ind1=" " ind2=" ">
    <subfield code="a">LMA PEN 2007 B295 Or.1</subfield>
  </datafield>
  <datafield tag="100" ind1=" " ind2=" ">
    <subfield code="9">5836</subfield>
    <subfield code="a">PEN, RATANA.</subfield>
  </datafield>
  <datafield tag="245" ind1=" " ind2=" ">
    <subfield code="a">study on urban land use planning in khan meanchey, phnom penh (&#x1780;&#x17B6;&#x179A;&#x179F;&#x17B7;&#x1780;&#x17D2;&#x179F;&#x17B6;&#x17A2;&#x17C6;&#x1796;&#x17B8;&#x1780;&#x17B6;&#x179A;&#x179A;&#x17C0;&#x1794;&#x1785;&#x17C6;&#x1795;&#x17C2;&#x1793;&#x1780;&#x17B6;&#x179A;&#x1794;&#x17D2;&#x179A;&#x17BE;&#x1794;&#x17D2;&#x179A;&#x17B6;&#x179F;&#x17CB;&#x178A;&#x17B8;&#x1792;&#x17D2;&#x179B;&#x17B8;&#x1791;&#x17B8;&#x1794;&#x17D2;&#x179A;&#x1787;&#x17BB;&#x17C6;&#x1787;&#x1793; &#x1781;&#x178E;&#x17D2;&#x178E;&#x1798;&#x17B6;&#x1793;&#x1787;&#x17D0;&#x1799; &#x1780;&#x17D2;&#x179A;&#x17BB;&#x1784;&#x1797;&#x17D2;&#x1793;&#x17C6;&#x1796;&#x17C1;&#x1789;)</subfield>
  </datafield>
  <datafield tag="260" ind1=" " ind2=" ">
    <subfield code="a">Phnom Penh</subfield>
    <subfield code="b">RUA</subfield>
    <subfield code="c">2007</subfield>
  </datafield>
  <datafield tag="300" ind1=" " ind2=" ">
    <subfield code="a">x, 60p.</subfield>
    <subfield code="b">ill.</subfield>
    <subfield code="c">29cm.</subfield>
  </datafield>
  <datafield tag="942" ind1=" " ind2=" ">
    <subfield code="2">ddc</subfield>
    <subfield code="c">LMA</subfield>
  </datafield>
  <datafield tag="999" ind1=" " ind2=" ">
    <subfield code="c">5435</subfield>
    <subfield code="d">5435</subfield>
  </datafield>
  <datafield tag="952" ind1=" " ind2=" ">
    <subfield code="0">0</subfield>
    <subfield code="1">0</subfield>
    <subfield code="2">ddc</subfield>
    <subfield code="4">0</subfield>
    <subfield code="6">LMA_PEN_2007_000000000000000_B295_OR_1</subfield>
    <subfield code="7">0</subfield>
    <subfield code="9">29272</subfield>
    <subfield code="a">LBB</subfield>
    <subfield code="b">LBB</subfield>
    <subfield code="c">B295</subfield>
    <subfield code="d">2015-12-31</subfield>
    <subfield code="l">2</subfield>
    <subfield code="o">LMA PEN 2007 B295 Or.1</subfield>
    <subfield code="p">RUA025109</subfield>
    <subfield code="r">2019-08-02</subfield>
    <subfield code="s">2019-07-05</subfield>
    <subfield code="w">2015-12-31</subfield>
    <subfield code="y">LMA</subfield>
  </datafield>
  <datafield tag="952" ind1=" " ind2=" ">
    <subfield code="0">0</subfield>
    <subfield code="1">0</subfield>
    <subfield code="2">ddc</subfield>
    <subfield code="4">0</subfield>
    <subfield code="6">LMA_PEN_2007_000000000000000_B295_OR_2</subfield>
    <subfield code="7">0</subfield>
    <subfield code="9">29273</subfield>
    <subfield code="a">LBB</subfield>
    <subfield code="b">LBB</subfield>
    <subfield code="c">B295</subfield>
    <subfield code="d">2015-12-31</subfield>
    <subfield code="o">LMA PEN 2007 B295 Or.2</subfield>
    <subfield code="p">RUA025045</subfield>
    <subfield code="r">2015-12-31</subfield>
    <subfield code="w">2015-12-31</subfield>
    <subfield code="y">LMA</subfield>
  </datafield>
  <datafield tag="952" ind1=" " ind2=" ">
    <subfield code="0">0</subfield>
    <subfield code="1">0</subfield>
    <subfield code="2">ddc</subfield>
    <subfield code="4">0</subfield>
    <subfield code="6">LMA_PEN_2007_000000000000000_B295_OR_3</subfield>
    <subfield code="7">0</subfield>
    <subfield code="9">29274</subfield>
    <subfield code="a">LBB</subfield>
    <subfield code="b">LBB</subfield>
    <subfield code="c">B295</subfield>
    <subfield code="d">2015-12-31</subfield>
    <subfield code="l">2</subfield>
    <subfield code="o">LMA PEN 2007 B295 Or.3</subfield>
    <subfield code="p">RUA025246</subfield>
    <subfield code="r">2023-08-08</subfield>
    <subfield code="s">2023-07-25</subfield>
    <subfield code="w">2015-12-31</subfield>
    <subfield code="y">LMA</subfield>
  </datafield>
  <datafield tag="952" ind1=" " ind2=" ">
    <subfield code="0">0</subfield>
    <subfield code="1">0</subfield>
    <subfield code="2">ddc</subfield>
    <subfield code="4">0</subfield>
    <subfield code="6">LMA_PEN_2007_000000000000000_B295_OR_4</subfield>
    <subfield code="7">0</subfield>
    <subfield code="9">29275</subfield>
    <subfield code="a">LBB</subfield>
    <subfield code="b">LBB</subfield>
    <subfield code="c">B295</subfield>
    <subfield code="d">2015-12-31</subfield>
    <subfield code="l">6</subfield>
    <subfield code="o">LMA PEN 2007 B295 Or.4</subfield>
    <subfield code="p">RUA025229</subfield>
    <subfield code="r">2025-08-25</subfield>
    <subfield code="s">2025-08-04</subfield>
    <subfield code="w">2015-12-31</subfield>
    <subfield code="y">LMA</subfield>
  </datafield>
  <datafield tag="952" ind1=" " ind2=" ">
    <subfield code="0">0</subfield>
    <subfield code="1">0</subfield>
    <subfield code="2">ddc</subfield>
    <subfield code="4">0</subfield>
    <subfield code="6">LMA_PEN_2007_000000000000000_B295_OR_5</subfield>
    <subfield code="7">0</subfield>
    <subfield code="9">29276</subfield>
    <subfield code="a">LBB</subfield>
    <subfield code="b">LBB</subfield>
    <subfield code="c">B295</subfield>
    <subfield code="d">2015-12-31</subfield>
    <subfield code="l">1</subfield>
    <subfield code="o">LMA PEN 2007 B295 Or.5</subfield>
    <subfield code="p">RUA016035</subfield>
    <subfield code="r">2020-11-17</subfield>
    <subfield code="s">2020-06-29</subfield>
    <subfield code="w">2015-12-31</subfield>
    <subfield code="y">LMA</subfield>
  </datafield>
  <datafield tag="952" ind1=" " ind2=" ">
    <subfield code="0">0</subfield>
    <subfield code="1">0</subfield>
    <subfield code="2">ddc</subfield>
    <subfield code="4">0</subfield>
    <subfield code="6">LMA_PEN_2007_000000000000000_B295_OR_6</subfield>
    <subfield code="7">0</subfield>
    <subfield code="9">29277</subfield>
    <subfield code="a">LBB</subfield>
    <subfield code="b">LBB</subfield>
    <subfield code="c">B295</subfield>
    <subfield code="d">2015-12-31</subfield>
    <subfield code="o">LMA PEN 2007 B295 Or.6</subfield>
    <subfield code="p">RUA025422</subfield>
    <subfield code="r">2015-12-31</subfield>
    <subfield code="w">2015-12-31</subfield>
    <subfield code="y">LMA</subfield>
  </datafield>
</record>
